| 000 | 01096 a2200265 4500 | ||
|---|---|---|---|
| 003 | Nust | ||
| 005 | 20170207152757.0 | ||
| 010 | _a 95012398 | ||
| 020 | _a0471117099 (paper : acid-free paper) | ||
| 020 | _a0471128457 (cloth : acid-free paper) | ||
| 040 | _cNust | ||
| 082 | 0 | 0 | _a005.82 |
| 100 | 1 | _aSchneier, Bruce, | |
| 245 | 1 | 0 |
_aApplied cryptography : _bprotocols, algorithms, and source code in C / _cBruce Schneier. |
| 250 | _a2nd ed. | ||
| 260 |
_aNew York : _bWiley, _cc1996. |
||
| 300 |
_axxiii, 758 p. : _bill. ; _c24 cm. |
||
| 505 | _aPart 1: Cryptographic Protocols Part 2: Cryptographic Techniques Part 3: Cryptographic Algorithms Part 4: The Real World Part 5: Source Code | ||
| 650 | 0 | _aComputer security. | |
| 650 | 0 | _aCryptography. | |
| 650 | 0 |
_aTelecommunication _xSecurity measures. |
|
| 856 | 4 | 2 |
_3Contributor biographical information _uhttp://www.loc.gov/catdir/bios/wiley041/95012398.html |
| 856 | 4 | 2 |
_3Publisher description _uhttp://www.loc.gov/catdir/description/wiley032/95012398.html |
| 856 | 4 | 2 |
_3Table of Contents _uhttp://www.loc.gov/catdir/toc/onix02/95012398.html |
| 942 |
_2ddc _cBK |
||
| 999 |
_c177658 _d177658 |
||